00313nam a2200109Ia 4500008004100000245008100041260003500122260000900157300001000166500001100176650001600187170224s9999 xx 000 0 und d aPremorbid adjustment profiles in psychosis and the role of familial factors. bJournal of Abnormal Psychology c2014 a123:3 aAugust xPsychology.